Normal view
MARC view
- Syeda Aneela Zahra Shamsi
Entry Personal Name
001 - CONTROL NUMBER
- control field: 98631
003 - CONTROL NUMBER IDENTIFIER
- control field: NUST
005 - DATE AND TIME OF LATEST TRANSACTION
- control field: 20220829155928.0
008 - FIXED-LENGTH DATA ELEMENTS
- fixed length control field: 220829|| aca||aabn | a|a d
040 ## - CATALOGING SOURCE
- Original cataloging agency: NUST
- Transcribing agency: NUST
100 ## - HEADING--PERSONAL NAME
- Personal name: Syeda Aneela Zahra Shamsi
670 ## - SOURCE DATA FOUND
- Source citation: Work cat.: (NUST): Syeda Aneela Zahra Shamsi., Application of Algorithms to Develop ASD Investigation Process for Early Screening of Autism in Toddlers /, 2022.
